[Event "Benidorm Satellite preliminary"]
[Site "playchess.com #007036"]
[Date "2009.10.24"]
[Round "9"]
[White "Matty_xxx"]
[Black "Palmolive"]
[Result "1-0"]
[WhiteElo "2197"]
[BlackElo "2378"]
[PlyCount "59"]
[EventDate "2009.10.24"]
[EventType "swiss (blitz)"]

1. e4 {[%emt 0:00:02]} d6 {[%emt 0:00:02]} 2. d4 {[%emt 0:00:02]} g6 {[%emt 0:
00:01]} 3. Nc3 {[%emt 0:00:02]} Bg7 {[%emt 0:00:01]} 4. f4 {[%emt 0:00:01]} c6
{[%emt 0:00:08]} 5. Be3 {[%emt 0:00:07]} Nf6 {[%emt 0:00:09]} 6. Nf3 {[%emt 0:
00:05]} d5 {[%emt 0:00:11]} 7. e5 {[%emt 0:00:05]} Ne4 {[%emt 0:00:02]} 8. Nxe4
{[%emt 0:00:04]} dxe4 {[%emt 0:00:01]} 9. Nd2 {[%emt 0:00:09]} f6 {[%emt 0:00:
12]} 10. Nxe4 {[%emt 0:00:04]} O-O {[%emt 0:00:02]} 11. Bc4+ {[%emt 0:00:04]}
Kh8 {[%emt 0:00:02]} 12. O-O {[%emt 0:00:02]} Qb6 {[%emt 0:00:07]} 13. Bb3 {
[%emt 0:00:19]} Bf5 {[%emt 0:00:12]} 14. Ng3 {[%emt 0:00:02]} fxe5 {[%emt 0:00:
01]} 15. fxe5 {[%emt 0:00:05]} Bxe5 {[%emt 0:00:03]} 16. Nxf5 {[%emt 0:00:02]}
gxf5 {[%emt 0:00:01]} 17. Qd3 {[%emt 0:00:16]} Bg7 {[%emt 0:00:04]} 18. Rxf5 {
[%emt 0:00:01]} Nd7 {[%emt 0:00:02]} 19. Raf1 {[%emt 0:00:08]} Rxf5 {[%emt 0:
00:17]} 20. Rxf5 {[%emt 0:00:00]} Nf6 {[%emt 0:00:01]} 21. c3 {[%emt 0:00:10]}
Rf8 {[%emt 0:00:09]} 22. h3 {[%emt 0:00:09]} Qc7 {[%emt 0:00:15]} 23. Bf4 {
[%emt 0:00:02]} Qd7 {[%emt 0:00:01]} 24. Be5 {[%emt 0:00:06]} e6 {[%emt 0:00:
26]} 25. Rf3 {[%emt 0:00:06]} Qe7 {[%emt 0:00:02]} 26. Bc2 {[%emt 0:00:12]} h6
{[%emt 0:00:30]} 27. Qg6 {[%emt 0:00:34]} Kg8 {[%emt 0:00:11]} 28. Rg3 {[%emt
0:00:20]} Rf7 {[%emt 0:00:29]} 29. Qxh6 {[%emt 0:00:13]} Kf8 {[%emt 0:00:02]}
30. Rxg7 {[%emt 0:00:04] Palmolive resigns} 1-0

[Event "Benidorm Satellite preliminary"]
[Site "playchess.com #007036"]
[Date "2009.10.24"]
[Round "9"]
[White "Planescape"]
[Black "Chesstiger9"]
[Result "1/2-1/2"]
[WhiteElo "1722"]
[BlackElo "2103"]
[PlyCount "76"]
[EventDate "2009.10.24"]
[EventType "swiss (blitz)"]

1. e4 {[%emt 0:00:02]} c5 {[%emt 0:00:01]} 2. Nf3 {[%emt 0:00:02]} e6 {[%emt 0:
00:01]} 3. d4 {[%emt 0:00:01]} cxd4 {[%emt 0:00:02]} 4. Nxd4 {[%emt 0:00:03]}
a6 {[%emt 0:00:01]} 5. Nc3 {[%emt 0:00:03]} Qc7 {[%emt 0:00:01]} 6. Bd3 {[%emt
0:00:03]} Nf6 {[%emt 0:00:01]} 7. O-O {[%emt 0:00:01]} Nc6 {[%emt 0:00:02]} 8.
Nxc6 {[%emt 0:00:01]} dxc6 {[%emt 0:00:01]} 9. f4 {[%emt 0:00:02]} Bc5+ {[%emt
0:00:01]} 10. Kh1 {[%emt 0:00:03]} h5 {[%emt 0:00:01]} 11. e5 {[%emt 0:00:15]}
Ng4 {[%emt 0:00:01]} 12. Ne4 {[%emt 0:00:00]} Qb6 {[%emt 0:00:07]} 13. Qe2 {
[%emt 0:00:16]} Be3 {[%emt 0:00:09]} 14. Bxe3 {[%emt 0:00:06]} Qxe3 {[%emt 0:
00:02]} 15. Nd6+ {[%emt 0:00:03]} Ke7 {[%emt 0:00:05]} 16. Qxe3 {[%emt 0:00:05]
} Nxe3 {[%emt 0:00:00]} 17. Rf3 {[%emt 0:00:01]} Nd5 {[%emt 0:00:10]} 18. a3 {
[%emt 0:00:07]} g6 {[%emt 0:00:03]} 19. Rd1 {[%emt 0:00:14]} b5 {[%emt 0:00:02]
} 20. c4 {[%emt 0:00:02]} bxc4 {[%emt 0:00:04]} 21. Bxc4 {[%emt 0:00:01]} Rb8 {
[%emt 0:00:02]} 22. b3 {[%emt 0:00:03]} a5 {[%emt 0:00:02]} 23. Bxd5 {[%emt 0:
00:10]} cxd5 {[%emt 0:00:04]} 24. Rc1 {[%emt 0:00:02]} Bd7 {[%emt 0:00:01]} 25.
Rc7 {[%emt 0:00:03]} Rhd8 {[%emt 0:00:11]} 26. h4 {[%emt 0:00:05]} Kf8 {[%emt
0:00:09]} 27. Nb7 {[%emt 0:00:06]} Rxb7 {[%emt 0:00:23]} 28. Rxb7 {[%emt 0:00:
01]} d4 {[%emt 0:00:01]} 29. Rd3 {[%emt 0:00:03]} Bc6 {[%emt 0:00:01]} 30. Rc7
{[%emt 0:00:07]} Be4 {[%emt 0:00:01]} 31. Rd2 {[%emt 0:00:02]} d3 {[%emt 0:00:
01]} 32. b4 {[%emt 0:00:05]} axb4 {[%emt 0:00:01]} 33. axb4 {[%emt 0:00:01]}
Rd4 {[%emt 0:00:05]} 34. b5 {[%emt 0:00:02]} Rb4 {[%emt 0:00:04]} 35. Rc3 {
[%emt 0:00:10]} Rxb5 {[%emt 0:00:03]} 36. Kh2 {[%emt 0:00:07]} Rb1 {[%emt 0:00:
02]} 37. Rcxd3 {[%emt 0:00:03]} Bxd3 {[%emt 0:00:02]} 38. Rxd3 {[%emt 0:00:01]
Chesstiger9 offers a draw} Rf1 {[%emt 0:00:04]} 1/2-1/2

[Event "Benidorm Satellite preliminary"]
[Site "playchess.com #007036"]
[Date "2009.10.24"]
[Round "9"]
[White "Remco"]
[Black "Musterlukas"]
[Result "1-0"]
[WhiteElo "2247"]
[BlackElo "1817"]
[PlyCount "73"]
[EventDate "2009.10.24"]
[EventType "swiss (blitz)"]

1. e4 {[%emt 0:00:07]} c5 {[%emt 0:00:04]} 2. c3 {[%emt 0:00:08]} d5 {[%emt 0:
00:05]} 3. exd5 {[%emt 0:00:03]} Qxd5 {[%emt 0:00:02]} 4. d4 {[%emt 0:00:09]}
Nf6 {[%emt 0:00:04]} 5. Nf3 {[%emt 0:00:04]} Bg4 {[%emt 0:00:06]} 6. dxc5 {
[%emt 0:00:01]} Qxd1+ {[%emt 0:00:04]} 7. Kxd1 {[%emt 0:00:00]} e5 {[%emt 0:00:
01]} 8. b4 {[%emt 0:00:06]} e4 {[%emt 0:00:03]} 9. h3 {[%emt 0:00:04]} exf3 {
[%emt 0:00:03]} 10. hxg4 {[%emt 0:00:02]} Nxg4 {[%emt 0:00:06]} 11. Ke1 {[%emt
0:00:04]} a5 {[%emt 0:00:26]} 12. gxf3 {[%emt 0:00:05]} Ne5 {[%emt 0:00:03]}
13. Bb5+ {[%emt 0:00:02]} Nbc6 {[%emt 0:00:02]} 14. Bf4 {[%emt 0:00:07]} Ng6 {
[%emt 0:00:13]} 15. Be3 {[%emt 0:00:04]} Be7 {[%emt 0:00:02]} 16. Nd2 {[%emt 0:
00:04]} Bf6 {[%emt 0:00:02]} 17. Ne4 {[%emt 0:00:05]} Be5 {[%emt 0:00:13]} 18.
Bd4 {[%emt 0:00:34]} O-O {[%emt 0:00:12]} 19. Bxc6 {[%emt 0:00:06]} bxc6 {
[%emt 0:00:03]} 20. a3 {[%emt 0:00:11]} axb4 {[%emt 0:00:06]} 21. Bxe5 {[%emt
0:00:05]} Nxe5 {[%emt 0:00:02]} 22. cxb4 {[%emt 0:00:02]} Nxf3+ {[%emt 0:00:02]
} 23. Ke2 {[%emt 0:00:01]} Nd4+ {[%emt 0:00:01]} 24. Kd3 {[%emt 0:00:03]} Nf5 {
[%emt 0:00:06]} 25. Kc3 {[%emt 0:00:07]} Rfd8 {[%emt 0:00:04]} 26. Rhg1 {[%emt
0:00:09]} g6 {[%emt 0:00:05]} 27. a4 {[%emt 0:00:14]} Rd5 {[%emt 0:00:04]} 28.
Nf6+ {[%emt 0:00:03]} Kg7 {[%emt 0:00:02]} 29. Nxd5 {[%emt 0:00:00]} cxd5 {
[%emt 0:00:01]} 30. b5 {[%emt 0:00:03]} d4+ {[%emt 0:00:02]} 31. Kd3 {[%emt 0:
00:02]} Rd8 {[%emt 0:00:01]} 32. a5 {[%emt 0:00:02]} h5 {[%emt 0:00:20]} 33. c6
{[%emt 0:00:02]} Nd6 {[%emt 0:00:02]} 34. b6 {[%emt 0:00:02]} Nb5 {[%emt 0:00:
03]} 35. c7 {[%emt 0:00:02]} Rc8 {[%emt 0:00:03]} 36. Rgc1 {[%emt 0:00:04]} Nd6
{[%emt 0:00:11]} 37. a6 {[%emt 0:00:04] Musterlukas resigns} 1-0

[Event "Benidorm Satellite preliminary"]
[Site "playchess.com #007036"]
[Date "2009.10.24"]
[Round "9"]
[White "Hardrock"]
[Black "-st!er-"]
[Result "0-1"]
[WhiteElo "2636"]
[BlackElo "2900"]
[PlyCount "80"]
[EventDate "2009.10.24"]
[EventType "swiss (blitz)"]

1. d4 {[%emt 0:00:00]} Nf6 {[%emt 0:00:07]} 2. c4 {[%emt 0:00:01]} g6 {[%emt 0:
00:01]} 3. Nc3 {[%emt 0:00:01]} d5 {[%emt 0:00:02]} 4. Nf3 {[%emt 0:00:01]} Bg7
{[%emt 0:00:02]} 5. cxd5 {[%emt 0:00:00]} Nxd5 {[%emt 0:00:01]} 6. e4 {[%emt 0:
00:00]} Nxc3 {[%emt 0:00:01]} 7. bxc3 {[%emt 0:00:00]} c5 {[%emt 0:00:00]} 8.
Be3 {[%emt 0:00:02]} Qa5 {[%emt 0:00:02]} 9. Qd2 {[%emt 0:00:02]} O-O {[%emt 0:
00:01]} 10. Rc1 {[%emt 0:00:01]} Nc6 {[%emt 0:00:01]} 11. d5 {[%emt 0:00:01]}
Rd8 {[%emt 0:00:01]} 12. Bd3 {[%emt 0:00:13]} Bg4 {[%emt 0:00:06]} 13. dxc6 {
[%emt 0:00:14]} Bxf3 {[%emt 0:00:02]} 14. gxf3 {[%emt 0:00:09]} c4 {[%emt 0:00:
03]} 15. cxb7 {[%emt 0:00:15]} Rab8 {[%emt 0:00:02]} 16. Bd4 {[%emt 0:00:31]}
cxd3 {[%emt 0:00:03]} 17. Bxg7 {[%emt 0:00:07]} Kxg7 {[%emt 0:00:02]} 18. c4 {
[%emt 0:00:10]} Qh5 {[%emt 0:00:06]} 19. f4 {[%emt 0:00:21]} Rxb7 {[%emt 0:00:
11]} 20. O-O {[%emt 0:00:04]} Qg4+ {[%emt 0:00:03]} 21. Kh1 {[%emt 0:00:01]}
Qf3+ {[%emt 0:00:01]} 22. Kg1 {[%emt 0:00:01]} Qxe4 {[%emt 0:00:01]} 23. Rfe1 {
[%emt 0:00:06]} Qf5 {[%emt 0:00:07]} 24. Rc3 {[%emt 0:00:10]} Rbd7 {[%emt 0:00:
07]} 25. c5 {[%emt 0:00:03]} Rd4 {[%emt 0:00:08]} 26. Re3 {[%emt 0:00:13]} Qg4+
{[%emt 0:00:06]} 27. Kf1 {[%emt 0:00:18]} Qxf4 {[%emt 0:00:04]} 28. c6 {[%emt
0:00:03]} Qxh2 {[%emt 0:00:02]} 29. Rexd3 {[%emt 0:00:07]} Qh1+ {[%emt 0:00:04]
} 30. Ke2 {[%emt 0:00:02] Hardrock offers a draw} Re4+ {[%emt 0:00:32]} 31. Qe3
{[%emt 0:00:26]} Rxd3 {[%emt 0:00:05]} 32. Kxd3 {[%emt 0:00:04]} Rxe3+ {[%emt
0:00:01]} 33. fxe3 {[%emt 0:00:01]} Qd5+ {[%emt 0:00:01]} 34. Kc2 {[%emt 0:00:
01]} Qxa2+ {[%emt 0:00:01]} 35. Kd3 {[%emt 0:00:02] . -st!er- reconnected.}
Qa6+ {[%emt 0:00:04]} 36. Kd4 {[%emt 0:00:04]} Qc8 {[%emt 0:00:04]} 37. c7 {
[%emt 0:00:01]} h5 {[%emt 0:00:01]} 38. Ke4 {[%emt 0:00:07]} h4 {[%emt 0:00:01]
} 39. Kf3 {[%emt 0:00:01]} g5 {[%emt 0:00:02]} 40. e4 {[%emt 0:00:03]} Qh3+ {
[%emt 0:00:03] Hardrock resigns} 0-1

[Event "Benidorm Satellite preliminary"]
[Site "playchess.com #007036"]
[Date "2009.10.24"]
[Round "9"]
[White "Jolan"]
[Black "Rpughiii"]
[Result "1-0"]
[WhiteElo "1656"]
[BlackElo "1329"]
[PlyCount "77"]
[EventDate "2009.10.24"]
[EventType "swiss (blitz)"]

1. d4 {[%emt 0:00:01]} Nf6 {[%emt 0:00:03]} 2. c4 {[%emt 0:00:01]} d6 {[%emt 0:
00:02]} 3. Nf3 {[%emt 0:00:01]} g6 {[%emt 0:00:03]} 4. Nc3 {[%emt 0:00:01]} Bg7
{[%emt 0:00:01]} 5. e4 {[%emt 0:00:00]} O-O {[%emt 0:00:02]} 6. Be2 {[%emt 0:
00:01]} e5 {[%emt 0:00:02]} 7. O-O {[%emt 0:00:03]} Nc6 {[%emt 0:00:02]} 8. d5
{[%emt 0:00:01]} Ne7 {[%emt 0:00:01]} 9. b4 {[%emt 0:00:00]} Ne8 {[%emt 0:00:
05]} 10. c5 {[%emt 0:00:02]} f5 {[%emt 0:00:03]} 11. cxd6 {[%emt 0:00:02]} cxd6
{[%emt 0:00:02]} 12. Bg5 {[%emt 0:00:06]} Nf6 {[%emt 0:00:03]} 13. Nd2 {[%emt
0:00:11]} h6 {[%emt 0:00:05]} 14. Bxf6 {[%emt 0:00:04]} Rxf6 {[%emt 0:00:02]}
15. Bf3 {[%emt 0:00:01]} Bd7 {[%emt 0:00:07]} 16. Rc1 {[%emt 0:00:02]} Rc8 {
[%emt 0:00:05]} 17. Qe2 {[%emt 0:00:03]} Qf8 {[%emt 0:00:07]} 18. Nb5 {[%emt 0:
00:01]} Bxb5 {[%emt 0:00:06]} 19. Qxb5 {[%emt 0:00:01]} b6 {[%emt 0:00:10]} 20.
Qd7 {[%emt 0:00:11]} Rf7 {[%emt 0:00:20]} 21. Qxd6 {[%emt 0:00:05]} Rd8 {[%emt
0:00:29]} 22. Qe6 {[%emt 0:00:05]} Kh7 {[%emt 0:00:12]} 23. d6 {[%emt 0:00:06]}
Ng8 {[%emt 0:00:10]} 24. Nc4 {[%emt 0:00:11]} Rf6 {[%emt 0:00:01]} 25. Qd5 {
[%emt 0:00:01]} Ne7 {[%emt 0:00:06]} 26. Qxe5 {[%emt 0:00:04]} Rfxd6 {[%emt 0:
00:04]} 27. Qf4 {[%emt 0:00:12]} g5 {[%emt 0:00:05]} 28. Qe3 {[%emt 0:00:13]}
Bd4 {[%emt 0:00:04]} 29. Qb3 {[%emt 0:00:04]} R6d7 {[%emt 0:00:14]} 30. exf5 {
[%emt 0:00:18]} Qxf5 {[%emt 0:00:04]} 31. h3 {[%emt 0:00:19]} Qf4 {[%emt 0:00:
20]} 32. Qc2+ {[%emt 0:00:07]} Kh8 {[%emt 0:00:05]} 33. Qe4 {[%emt 0:00:25]}
Qg3 {[%emt 0:00:10]} 34. Rcd1 {[%emt 0:00:17]} Bxf2+ {[%emt 0:00:04]} 35. Kh1 {
[%emt 0:00:13]} Rxd1 {[%emt 0:00:05]} 36. Rxd1 {[%emt 0:00:01]} Rxd1+ {[%emt 0:
00:06]} 37. Bxd1 {[%emt 0:00:03]} Qc7 {[%emt 0:00:18]} 38. Bc2 {[%emt 0:00:07]}
Bh4 {[%emt 0:00:05]} 39. Qh7# {[%emt 0:00:01]} 1-0

[Event "Benidorm Satellite preliminary"]
[Site "playchess.com #007036"]
[Date "2009.10.24"]
[Round "9"]
[White "Dimitri_Ovanov"]
[Black "Marx"]
[Result "1-0"]
[WhiteElo "1609"]
[BlackElo "1285"]
[PlyCount "87"]
[EventDate "2009.10.24"]
[EventType "swiss (blitz)"]

1. b3 {[%emt 0:00:08]} d5 {[%emt 0:00:05]} 2. Bb2 {[%emt 0:00:01]} c5 {[%emt 0:
00:05]} 3. e3 {[%emt 0:00:01]} Nf6 {[%emt 0:00:04]} 4. f4 {[%emt 0:00:01]} Nc6
{[%emt 0:00:02]} 5. Nf3 {[%emt 0:00:01]} Bg4 {[%emt 0:00:01]} 6. Be2 {[%emt 0:
00:01]} e6 {[%emt 0:00:02]} 7. O-O {[%emt 0:00:01]} Be7 {[%emt 0:00:02]} 8. h3
{[%emt 0:00:01]} Bf5 {[%emt 0:00:02]} 9. g4 {[%emt 0:00:03]} Be4 {[%emt 0:00:
02]} 10. d3 {[%emt 0:00:02]} Bxf3 {[%emt 0:00:01]} 11. Bxf3 {[%emt 0:00:01]} d4
{[%emt 0:00:03]} 12. e4 {[%emt 0:00:03]} Qc7 {[%emt 0:00:21]} 13. Bg2 {[%emt 0:
00:05]} O-O-O {[%emt 0:00:26]} 14. a3 {[%emt 0:00:15]} h5 {[%emt 0:00:01]} 15.
g5 {[%emt 0:00:02]} Nd7 {[%emt 0:00:04]} 16. h4 {[%emt 0:00:05]} f5 {[%emt 0:
00:01]} 17. exf5 {[%emt 0:00:04]} exf5 {[%emt 0:00:04]} 18. Nd2 {[%emt 0:00:03]
} Bd6 {[%emt 0:00:06]} 19. Qf3 {[%emt 0:00:06]} Rde8 {[%emt 0:00:08]} 20. Nc4 {
[%emt 0:00:03]} Re6 {[%emt 0:00:10]} 21. Rae1 {[%emt 0:00:04]} Rhe8 {[%emt 0:
00:02]} 22. Rxe6 {[%emt 0:00:01]} Rxe6 {[%emt 0:00:01]} 23. Nxd6+ {[%emt 0:00:
04]} Qxd6 {[%emt 0:00:02]} 24. Bc1 {[%emt 0:00:19]} a5 {[%emt 0:00:21]} 25.
Qxh5 {[%emt 0:00:05]} c4 {[%emt 0:00:24]} 26. bxc4 {[%emt 0:00:03]} Nc5 {[%emt
0:00:05]} 27. Qh8+ {[%emt 0:00:06]} Kc7 {[%emt 0:00:02]} 28. Qxg7+ {[%emt 0:00:
01]} Re7 {[%emt 0:00:05]} 29. Qf8 {[%emt 0:00:07]} Na4 {[%emt 0:00:08]} 30.
Qxf5 {[%emt 0:00:06]} Nc3 {[%emt 0:00:03]} 31. Qd5 {[%emt 0:00:28]} Qxd5 {
[%emt 0:00:21]} 32. cxd5 {[%emt 0:00:03]} Na7 {[%emt 0:00:06]} 33. Bd2 {[%emt
0:00:04]} Nab5 {[%emt 0:00:07]} 34. a4 {[%emt 0:00:03]} Na3 {[%emt 0:00:01]}
35. Re1 {[%emt 0:00:07]} Rxe1+ {[%emt 0:00:04]} 36. Bxe1 {[%emt 0:00:01]} Nxc2
{[%emt 0:00:01]} 37. Bd2 {[%emt 0:00:03]} Ne3 {[%emt 0:00:02]} 38. h5 {[%emt 0:
00:11]} Nf5 {[%emt 0:00:17]} 39. h6 {[%emt 0:00:04]} Nh4 {[%emt 0:00:06]} 40.
h7 {[%emt 0:00:03]} Ng6 {[%emt 0:00:01]} 41. f5 {[%emt 0:00:03]} Nh8 {[%emt 0:
00:02]} 42. g6 {[%emt 0:00:01]} Ne2+ {[%emt 0:00:01]} 43. Kf2 {[%emt 0:00:02]}
Nf4 {[%emt 0:00:02]} 44. Bxf4+ {[%emt 0:00:02] Marx resigns} 1-0

[Event "Benidorm Satellite preliminary"]
[Site "playchess.com #007036"]
[Date "2009.10.24"]
[Round "9"]
[White "Masfouf"]
[Black "Bartimäus"]
[Result "1/2-1/2"]
[WhiteElo "2036"]
[BlackElo "1789"]
[PlyCount "97"]
[EventDate "2009.10.24"]
[EventType "swiss (blitz)"]

1. e4 {[%emt 0:00:03]} e6 {[%emt 0:00:01]} 2. d4 {[%emt 0:00:01]} d5 {[%emt 0:
00:01]} 3. Nc3 {[%emt 0:00:01]} Nf6 {[%emt 0:00:01]} 4. e5 {[%emt 0:00:00]}
Nfd7 {[%emt 0:00:01]} 5. f4 {[%emt 0:00:00]} c5 {[%emt 0:00:01]} 6. Nf3 {[%emt
0:00:00]} Nc6 {[%emt 0:00:01]} 7. Be3 {[%emt 0:00:00]} cxd4 {[%emt 0:00:02]} 8.
Nxd4 {[%emt 0:00:02]} Nxd4 {[%emt 0:00:02]} 9. Bxd4 {[%emt 0:00:01]} a6 {[%emt
0:00:01]} 10. Qd2 {[%emt 0:00:01]} Qc7 {[%emt 0:00:01]} 11. O-O-O {[%emt 0:00:
01]} Nc5 {[%emt 0:00:05]} 12. h4 {[%emt 0:00:02]} Be7 {[%emt 0:00:02]} 13. g4 {
[%emt 0:00:14]} Bd7 {[%emt 0:00:02]} 14. h5 {[%emt 0:00:03]} b5 {[%emt 0:00:01]
} 15. Bh3 {[%emt 0:00:02]} b4 {[%emt 0:00:01]} 16. Ne2 {[%emt 0:00:01]} Ne4 {
[%emt 0:00:01]} 17. Qe3 {[%emt 0:00:06]} Rc8 {[%emt 0:00:04]} 18. c3 {[%emt 0:
00:41]} bxc3 {[%emt 0:00:02]} 19. Nxc3 {[%emt 0:00:02]} Nxc3 {[%emt 0:00:06]}
20. Bxc3 {[%emt 0:00:02]} Bc5 {[%emt 0:00:05]} 21. Qd3 {[%emt 0:00:06]} d4 {
[%emt 0:00:03]} 22. Bd2 {[%emt 0:00:15]} Bb5 {[%emt 0:00:09]} 23. Qc2 {[%emt 0:
00:07]} O-O {[%emt 0:00:13]} 24. Kb1 {[%emt 0:00:01]} Rfd8 {[%emt 0:00:15]} 25.
Qe4 {[%emt 0:00:10]} Bc6 {[%emt 0:00:03]} 26. Qd3 {[%emt 0:00:03]} Bxh1 {[%emt
0:00:03]} 27. Rxh1 {[%emt 0:00:01]} Qb7 {[%emt 0:00:12]} 28. Re1 {[%emt 0:00:
06]} Bb4 {[%emt 0:00:07]} 29. f5 {[%emt 0:00:04]} Bxd2 {[%emt 0:00:03]} 30.
Qxd2 {[%emt 0:00:01]} d3 {[%emt 0:00:05]} 31. f6 {[%emt 0:00:03]} gxf6 {[%emt
0:00:03]} 32. exf6 {[%emt 0:00:03]} Rc2 {[%emt 0:00:08]} 33. Qg5+ {[%emt 0:00:
08]} Kf8 {[%emt 0:00:10]} 34. Qg7+ {[%emt 0:00:03]} Ke8 {[%emt 0:00:01]} 35.
Rxe6+ {[%emt 0:00:14]} Kd7 {[%emt 0:00:12]} 36. Re7+ {[%emt 0:00:02]} Kc8 {
[%emt 0:00:01]} 37. Rxb7 {[%emt 0:00:04]} Kxb7 {[%emt 0:00:01]} 38. Qxf7+ {
[%emt 0:00:02]} Kb8 {[%emt 0:00:02]} 39. Qb3+ {[%emt 0:00:01]} Ka7 {[%emt 0:00:
04]} 40. Bf1 {[%emt 0:00:40]} Rb8 {[%emt 0:00:07]} 41. Qf7+ {[%emt 0:00:08]}
Rb7 {[%emt 0:00:03]} 42. Qd5 {[%emt 0:00:06]} Rbxb2+ {[%emt 0:00:07]} 43. Ka1 {
[%emt 0:00:01]} Rb5 {[%emt 0:00:13]} 44. Qd7+ {[%emt 0:00:05]} Rb7 {[%emt 0:00:
02]} 45. Qd4+ {[%emt 0:00:04]} Ka8 {[%emt 0:00:05]} 46. Qd8+ {[%emt 0:00:05]}
Ka7 {[%emt 0:00:01]} 47. Qd4+ {[%emt 0:00:10]} Ka8 {[%emt 0:00:01]} 48. Qd8+ {
[%emt 0:00:05]} Ka7 {[%emt 0:00:01]} 49. Qd4+ {[%emt 0:00:01]} 1/2-1/2

[Event "Benidorm Satellite preliminary"]
[Site "playchess.com #007036"]
[Date "2009.10.24"]
[Round "9"]
[White "Matematika"]
[Black "Althusius"]
[Result "0-1"]
[WhiteElo "2033"]
[BlackElo "1760"]
[PlyCount "130"]
[EventDate "2009.10.24"]
[EventType "swiss (blitz)"]

1. Nf3 {[%emt 0:00:01]} Nf6 {[%emt 0:00:03]} 2. c4 {[%emt 0:00:02]} e6 {[%emt
0:00:04]} 3. g3 {[%emt 0:00:01]} b6 {[%emt 0:00:02]} 4. Bg2 {[%emt 0:00:01]}
Bb7 {[%emt 0:00:01]} 5. O-O {[%emt 0:00:01]} Be7 {[%emt 0:00:01]} 6. d4 {[%emt
0:00:01]} O-O {[%emt 0:00:01]} 7. Nc3 {[%emt 0:00:01]} Ne4 {[%emt 0:00:01]} 8.
Qd3 {[%emt 0:00:03]} Nxc3 {[%emt 0:00:19]} 9. bxc3 {[%emt 0:00:03]} f5 {[%emt
0:00:02]} 10. Ne5 {[%emt 0:00:05]} Bxg2 {[%emt 0:00:03]} 11. Kxg2 {[%emt 0:00:
01]} d6 {[%emt 0:00:56]} 12. Nf3 {[%emt 0:00:02]} Nd7 {[%emt 0:00:09]} 13. e4 {
[%emt 0:00:01]} Qe8 {[%emt 0:01:02]} 14. Ba3 {[%emt 0:00:13]} Qh5 {[%emt 0:00:
07]} 15. Ng1 {[%emt 0:00:06]} f4 {[%emt 0:00:03]} 16. Qf3 {[%emt 0:00:04]}
Qxf3+ {[%emt 0:00:03]} 17. Nxf3 {[%emt 0:00:02]} fxg3 {[%emt 0:00:02]} 18. fxg3
{[%emt 0:00:01]} Rf7 {[%emt 0:00:06]} 19. e5 {[%emt 0:00:05]} dxe5 {[%emt 0:00:
08]} 20. Bxe7 {[%emt 0:00:04]} Rxe7 {[%emt 0:00:02]} 21. dxe5 {[%emt 0:00:02]}
Nc5 {[%emt 0:00:11]} 22. Nd4 {[%emt 0:00:03]} a5 {[%emt 0:00:11]} 23. Rad1 {
[%emt 0:00:04]} Rf7 {[%emt 0:00:01]} 24. Nc6 {[%emt 0:00:05]} Raf8 {[%emt 0:00:
03]} 25. Rxf7 {[%emt 0:00:06]} Rxf7 {[%emt 0:00:02]} 26. Rd8+ {[%emt 0:00:02]}
Rf8 {[%emt 0:00:01]} 27. Ne7+ {[%emt 0:00:05]} Kf7 {[%emt 0:00:01]} 28. Rxf8+ {
[%emt 0:00:03]} Kxf8 {[%emt 0:00:01]} 29. Nc6 {[%emt 0:00:01]} Kf7 {[%emt 0:00:
02]} 30. Kf3 {[%emt 0:00:03]} g5 {[%emt 0:00:04]} 31. h3 {[%emt 0:00:02]} h5 {
[%emt 0:00:01]} 32. h4 {[%emt 0:00:03]} gxh4 {[%emt 0:00:04]} 33. gxh4 {[%emt
0:00:01]} Kg6 {[%emt 0:00:01]} 34. Kf4 {[%emt 0:00:05]} Na4 {[%emt 0:00:04]}
35. Ne7+ {[%emt 0:00:02]} Kf7 {[%emt 0:00:02]} 36. Nc6 {[%emt 0:00:03]} Nxc3 {
[%emt 0:00:01]} 37. a4 {[%emt 0:00:03]} Nxa4 {[%emt 0:00:02]} 38. Kg5 {[%emt 0:
00:02]} Nb2 {[%emt 0:00:01]} 39. Kxh5 {[%emt 0:00:02]} Nxc4 {[%emt 0:00:01]}
40. Kg5 {[%emt 0:00:02]} a4 {[%emt 0:00:00]} 41. h5 {[%emt 0:00:02]} a3 {[%emt
0:00:02]} 42. Nb4 {[%emt 0:00:05]} Nxe5 {[%emt 0:00:02]} 43. h6 {[%emt 0:00:01]
} c5 {[%emt 0:00:04]} 44. Na2 {[%emt 0:00:02]} b5 {[%emt 0:00:02]} 45. Kf4 {
[%emt 0:00:01]} Ng6+ {[%emt 0:00:01]} 46. Ke4 {[%emt 0:00:01]} b4 {[%emt 0:00:
01]} 47. Kd3 {[%emt 0:00:02]} Ne5+ {[%emt 0:00:02]} 48. Kc2 {[%emt 0:00:02]}
Kg6 {[%emt 0:00:02]} 49. Kd2 {[%emt 0:00:01]} Kxh6 {[%emt 0:00:01]} 50. Kc2 {
[%emt 0:00:01]} Kg5 {[%emt 0:00:01]} 51. Kb3 {[%emt 0:00:01]} Kf4 {[%emt 0:00:
02]} 52. Ka4 {[%emt 0:00:01]} Nd7 {[%emt 0:00:02]} 53. Kb3 {[%emt 0:00:00]} e5
{[%emt 0:00:01]} 54. Kc4 {[%emt 0:00:00]} e4 {[%emt 0:00:01]} 55. Nc1 {[%emt 0:
00:01]} Kf3 {[%emt 0:00:01]} 56. Nb3 {[%emt 0:00:01]} e3 {[%emt 0:00:01]} 57.
Nc1 {[%emt 0:00:02]} e2 {[%emt 0:00:01]} 58. Nxe2 {[%emt 0:00:02]} Kxe2 {[%emt
0:00:01]} 59. Kb3 {[%emt 0:00:01]} Kd1 {[%emt 0:00:01]} 60. Ka2 {[%emt 0:00:03]
} Kc2 {[%emt 0:00:01]} 61. Ka1 {[%emt 0:00:03]} c4 {[%emt 0:00:01]} 62. Ka2 {
[%emt 0:00:01]} b3+ {[%emt 0:00:01]} 63. Ka1 {[%emt 0:00:01]} b2+ {[%emt 0:00:
01]} 64. Ka2 {[%emt 0:00:01]} b1=Q+ {[%emt 0:00:03]} 65. Kxa3 {[%emt 0:00:01]}
Qb3# {[%emt 0:00:01]} 0-1